Architect’s pocket book

Uloženo v:
Podrobná bibliografie
Hlavní autor: BADEN-POWELL, Charlotte
Médium: Kniha
Jazyk:angličtina
Vydáno: Architectural Press 2008
Tagy: Přidat tag
Žádné tagy, Buďte první, kdo vytvoří štítek k tomuto záznamu!

MARC

LEADER 00000nam a22000007a 4500
008 210419b ||||| |||| 00| 0 eng d
020 |a 978-0-7506-8617-4 
100 |a BADEN-POWELL, Charlotte 
245 |a Architect’s pocket book  |c Charlotte Baden-Powell 
250 |b 3rd  |c Charlotte Baden-Powell, Jonathan Hetreed [and] Ann Ross 
260 |b Architectural Press  |c 2008  |h .- Oxford, UK:   |i 691332 – EDM., 691333  |l NA2590 .B14  |m Architecture – Great Britain – Handbooks, Manuals 
500 |a “It includes index” 
942 |a lcc  |c BK  |e Mr ogunleye  |f 19/4/2021 
952 |0 0  |1 0  |2 lcc  |4 0  |6 NA2590 B14  |7 0  |9 2184  |a HOL  |b EDM  |d 2021-04-19  |l 0  |o NA2590 .B14  |p 2021-6038  |r 2021-04-19 00:00:00  |w 2021-04-19  |y BK 
952 |0 0  |1 0  |2 lcc  |4 0  |6 NA2590 B14  |7 0  |9 2185  |a HOL  |b HOL  |d 2021-04-19  |l 0  |o NA2590 .B14  |p 2021-6039  |r 2021-04-19 00:00:00  |w 2021-04-19  |y BK 
999 |c 1137  |d 1137